=LDR 00000nam 2200000 4500 =001 INLIS000000000021259 =990 ##$$a 20606684 =005 20260105103027 =990 ##$$a 20610107 =035 ##$$a 0010-061300000021259 =990 ##$$a 94237/BPAP-NTB/2014 =008 260105################g##########0#ind## =990 ##$$a 21400613/BPAP-NTB/20142014 =041 ##$$a Ind =990 ##$$a 0001/BPAP-NTB/20142014 =082 ##$$a 658 =090 ##$$a 658, Has m =100 3#$$a Hasibuan, H. Malayu =245 1#$$a Manajemen dasar : $b pengertian dan masalah /$c Malayu S.P Hasibuan =260 ##$$a Jakarta :$b Bumi Aksara,$c 2005 =300 ##$$a xii, 266 hlm. ; $c 23 cm =650 #4$$a Manajemen =850 ##$$a NBPNMAT =020 ##$$a 979-526-546-6 =084 ##$$a 658 HAS m =250 ##$$a Ed. Rev. =990 ##$$a 20610107 =990 ##$$a 94237/BPAP-NTB/2014 =990 ##$$a 21400613/BPAP-NTB/20142014 =990 ##$$a 0001/BPAP-NTB/20142014 =990 ##$$a 8382 =990 ##$$a 20606684 =990 ##$$a 20610107 =990 ##$$a 94237/BPAP-NTB/2014 =990 ##$$a 21400613/BPAP-NTB/20142014 =990 ##$$a 0001/BPAP-NTB/20142014